000 00689nam a2200193Ia 4500
005 20250508163112.0
008 008 250505s9999 xx 000 0 eng d
037 _aTheses
040 _aFEDL
_beng
_cFEDL
041 _aeng
_2eng
084 _a371.1, BAW/TH
_qFEDL
100 _aBawa Manjit Singh
_9522713
245 0 _aEffectiveness of microteaching with planned integration training following summative model and microteaching without planned integration training on the general teaching competence of teacher trainees
260 _c1984
300 _av,349p.
546 _aPH.D Thesis (Delhi University)
942 _cTH
_h371.1, BAW/TH
999 _c1380840
_d1380840